[Event "9th HIT Open"]
[Site "Nova Gorica SLO"]
[Date "2004.02.04"]
[Round "8"]
[White "Stocek,J"]
[Black "Zorko,Ju"]
[Result "1-0"]
[WhiteElo "2552"]
[BlackElo "2310"]

1.d4 Nf6 2.c4 e6 3.Nc3 Bb4 4.Nf3 c5 5.g3 O-O 6.Bg2 cxd4 7.Nxd4 d5 8.cxd5 Nxd5
9.Bd2 Bxc3 10.bxc3 e5 11.Nb3 Nc6 12.O-O Nde7 13.c4 Qc7 14.Qc2 Bf5 15.Qb2 Rfd8
16.Rac1 Rac8 17.Bc3 f6 18.Rfe1 b6 19.a4 Be6 20.c5 Bd5 21.e4 Be6 22.Qa3 Kh8
23.Bf1 Bxb3 24.Qxb3 bxc5 25.Qf7 Nd5 26.Qxc7 Nxc7 27.Ba1 Nd4 28.Bxd4 exd4
29.Rxc5 Ne6 30.Rd5 Nc5 31.a5 Kg8 32.Rc1 Nxe4 33.Rxc8 Rxc8 34.Rxd4 Nc5 35.Kg2 Kf8
36.Kf3 Ke7 37.Rg4 g5 38.Rc4 f5 39.g4 f4 40.h4 h6 41.hxg5 hxg5 42.Rc1 Rc7
43.Bb5 Kf6 44.Rd1 Ne6 45.Rd5 Rc3+ 46.Ke4 Rc2 47.Rf5+ Ke7 48.Re5 Kf6 49.Rf5+ Ke7
50.Rd5 Rxf2 51.Kf5 Nf8 52.Kxg5 f3 53.Kf4 Ra2 54.Bf1 f2 55.Kf3 Ne6 56.a6 Nc7
57.Rh5 Nxa6 58.Rh7+ Kf8 59.g5 Nc5 60.g6 Ne6 61.Rf7+ Kg8 62.Re7 Ra3+ 63.Kxf2  1-0

[Event "TCh-SWE 2003-4"]
[Site "Malmo SWE"]
[Date "2004.02.07"]
[Round "7"]
[White "Carlsson,D"]
[Black "Kinnmark,O"]
[Result "1/2-1/2"]
[WhiteElo "2298"]
[BlackElo "2340"]

1.d4 Nf6 2.c4 e6 3.Nc3 Bb4 4.Nf3 d6 5.e3 Nbd7 6.Bd2 O-O 7.a3 Bxc3 8.Bxc3 Ne4
9.Rc1 Nxc3 10.Rxc3 Qe7 11.Bd3 e5 12.Qb1 Nf6 13.dxe5 dxe5 14.Ng5 h6 15.Ne4 Be6
16.Nxf6+ Qxf6 17.O-O Rad8 18.Be4 c6 19.Rd1 Rxd1+ 20.Qxd1 Qh4 21.Bc2 g6 22.Qd6 Qg5
23.h4 Qxh4 24.Qxe5 Rd8 25.g3 Qg4 26.Kg2 Qh3+ 27.Kg1 Qg4 28.Kg2 Qh3+ 29.Kg1 Qg4  1/2-1/2

[Event "12th Aosta Open"]
[Site "St Vincent ITA"]
[Date "2004.02.09"]
[Round "2"]
[White "Karl,H"]
[Black "Gershon,A"]
[Result "1-0"]
[WhiteElo "2299"]
[BlackElo "2546"]

1.d4 Nf6 2.c4 e6 3.Nc3 Bb4 4.Nf3 c5 5.e3 O-O 6.Be2 d5 7.O-O dxc4 8.Bxc4 Nbd7
9.Qe2 cxd4 10.exd4 Bxc3 11.bxc3 b6 12.Bg5 Qc7 13.Rac1 Bb7 14.Bd3 Rfe8 15.Rfe1 Rac8
16.c4 a6 17.h3 h6 18.Be3 e5 19.Nxe5 Nxe5 20.dxe5 Rxe5 21.Qb2 Rce8 22.Red1 Qc6
23.Bf1 R5e6 24.Qd4 R8e7 25.Qd8+ Re8 26.Qd4 R8e7 27.Qd8+ Kh7 28.Qd3+ g6 29.Rb1 Rd7
30.Qb3 Rxd1 31.Rxd1 Nd7 32.Qd3 Ne5 33.Qd8 Nxc4 34.Qf8 Nd6 35.Bf4 Ne8 36.Qxf7+ Kh8
37.Rd7  1-0

[Event "X Open"]
[Site "Coria del Rio ESP"]
[Date "2004.02.15"]
[Round "5"]
[White "Matamoros Franco,C"]
[Black "Korneev,O"]
[Result "1/2-1/2"]
[WhiteElo "2490"]
[BlackElo "2566"]

1.d4 Nf6 2.c4 e6 3.Nc3 Bb4 4.Nf3 c5 5.g3 O-O 6.Bg2 cxd4 7.Nxd4 d5 8.cxd5 Nxd5
9.Qb3 Qb6 10.Bxd5 exd5 11.Be3 Bh3 12.g4 Bg2 13.Rg1 Be4 14.a3 Bxc3+ 15.Qxc3 Qf6
16.f3 Bg6 17.Nb5 Qh4+ 18.Bf2 Qd8 19.h4 Qd7 20.Nd4 Rc8 21.Qd2 Nc6 22.h5 Nxd4
23.Bxd4 Bc2 24.Rc1  1/2-1/2

[Event "ch-CZE"]
[Site "Karlovy Vary CZE"]
[Date "2004.02.17"]
[Round "1"]
[White "Babula,V"]
[Black "Laznicka,V"]
[Result "1/2-1/2"]
[WhiteElo "2594"]
[BlackElo "2429"]

1.d4 Nf6 2.c4 e6 3.Nc3 Bb4 4.Nf3 c5 5.g3 cxd4 6.Nxd4 Ne4 7.Qc2 Qa5 8.Bg2 Nxc3
9.O-O Nc6 10.Be3 O-O 11.bxc3 Bxc3 12.Nb3 Qe5 13.Rac1 Bb4 14.c5 b6 15.Rfd1 Ba3
16.Rb1 Bb7 17.Nd2 Qc7 18.cxb6 axb6 19.Bxb6 Qc8 20.Nc4 Be7 21.Nd6 Bxd6 22.Rxd6 Nd4
23.Qd2 Bxg2 24.Bxd4 Bd5 25.Rxd5 exd5 26.Bxg7 Kxg7 27.Qg5+ Kh8 28.Qf6+ Kg8  1/2-1/2

[Event "Tringov mem Open"]
[Site "Plovdiv BUL"]
[Date "2004.02.22"]
[Round "9"]
[White "Dikov,D"]
[Black "Pelitov,D"]
[Result "0-1"]
[WhiteElo "2063"]
[BlackElo "2191"]

1.d4 Nf6 2.Nf3 e6 3.c4 Bb4+ 4.Nc3 O-O 5.Qc2 d5 6.a3 Bxc3+ 7.Qxc3 dxc4 8.Qxc4 b6
9.b4 Bb7 10.Bb2 a5 11.e3 axb4 12.axb4 Rxa1+ 13.Bxa1 Bd5 14.Qc1 Nc6 15.b5 Na5
16.Bc3 Qa8 17.Be2 c6 18.O-O cxb5 19.Qb2 Rc8 20.Bxa5 bxa5 21.Qxb5 a4 22.Ra1 a3
23.Ne1 a2 24.f3 Qa3 25.Nc2 Qc3 26.Bd3 Bb3  0-1

[Event "Aeroflot Open"]
[Site "Moscow RUS"]
[Date "2004.02.24"]
[Round "8"]
[White "Bacrot,E"]
[Black "Volokitin,And"]
[Result "1/2-1/2"]
[WhiteElo "2664"]
[BlackElo "2594"]

1.d4 Nf6 2.c4 e6 3.Nc3 Bb4 4.Nf3 c5 5.g3 Ne4 6.Qd3 Qa5 7.Qxe4 Bxc3+ 8.Bd2 Bxd2+
9.Nxd2 Nc6 10.dxc5 b6 11.Bg2 Bb7 12.Qf4 bxc5 13.O-O Nd4 14.Qg5 Nxe2+ 15.Kh1 Bxg2+
16.Kxg2 O-O 17.Nb3 Qb4 18.Qxc5 Qxc5 19.Nxc5 Rfc8 20.Nb3 Rxc4 21.Rfd1 Rc2
22.Rab1 e5 23.Kf3 Rb8 24.Rxd7 f5 25.Re1 g5 26.Ke3 Rb4 27.Kd3 Rxb2 28.Nd2 Rd4+
29.Rxd4 Nxd4 30.Nc4 Rxf2 31.Rxe5 Nc6 32.Rc5 Nb4+ 33.Ke3 Rxh2 34.Rxf5 h6 35.Rb5 Nxa2
36.Rb8+ Kg7 37.Rb7+ Kf6 38.Rxa7 Nb4 39.Rb7 Nd5+ 40.Ke4 Ke6 41.Rb2 Rh1 42.Kf3 Rc1
43.Re2+ Kf6 44.Rd2 Rc3+ 45.Kg2 Nc7 46.Nd6 Ke6 47.Ne4 Re3 48.Nf2 h5 49.Rd8 Nd5
50.Rg8 Re5 51.Re8+ Ne7 52.Rh8 h4  1/2-1/2

[Event "Open"]
[Site "Jersey JCI"]
[Date "2004.02.28"]
[Round "7"]
[White "Ward,C"]
[Black "Gwaze,R"]
[Result "1/2-1/2"]
[WhiteElo "2522"]
[BlackElo "2345"]

1.d4 Nf6 2.c4 e6 3.Nf3 Bb4+ 4.Nc3 b6 5.Bg5 Bb7 6.Nd2 h6 7.Bh4 O-O 8.e3 d6
9.Bd3 Nbd7 10.O-O Bxc3 11.bxc3 d5 12.cxd5 exd5 13.Bf5 Qe8 14.Qa4 g6 15.Bd3 a6
16.Rae1 b5 17.Qc2 c5 18.dxc5 Ne4 19.Bxe4 dxe4 20.Bg3 Qe6 21.Nb3 Rfc8 22.Bd6 Bd5
23.Rd1 Bxb3 24.axb3 Nxc5 25.Bxc5 Rxc5 26.Rd4 Rac8 27.Rxe4 Rxc3 28.Rxe6 Rxc2
29.Rxa6 Rb2 30.g3 Rcc2 31.Rf6 Kg7 32.Rf4 Rxb3 33.Rd1 Rc7 34.Rd6 Rb7 35.Rfd4 b4
36.Rd7 Rb1+ 37.Kg2 Rxd7 38.Rxd7 b3 39.Rb7 b2 40.Kf3 Kf6 41.h4 Ke6 42.Kf4 Kd5
43.Kf3 Kc5 44.Kg2 Kc4 45.Rc7+ Kd5 46.Rb7 Ke4 47.Re7+ Kf5 48.Rxf7+ Ke4 49.Rb7 h5
50.Rb3 Kd5 51.Rb6 Kc5 52.Rb8 Kc4 53.Kf3 Kc3 54.Rc8+ Kd3  1/2-1/2

[Event "SFch-NED"]
[Site "Leeuwarden NED"]
[Date "2004.02.28"]
[Round "1.1"]
[White "Janssen,R"]
[Black "Floor,D"]
[Result "1-0"]
[WhiteElo "2489"]
[BlackElo "2196"]

1.d4 Nf6 2.c4 e6 3.Nf3 Bb4+ 4.Nc3 c5 5.g3 cxd4 6.Nxd4 Ne4 7.Qd3 Bxc3+ 8.bxc3 Nc5
9.Qf3 d6 10.Bg2 Nbd7 11.O-O Ne5 12.Qh5 O-O 13.Nb3 g6 14.Qg5 Qxg5 15.Bxg5 f6
16.Bh6 Re8 17.Nxc5 dxc5 18.Be3 Nd7 19.Rad1 Rb8 20.Rd6 Ne5 21.Bxc5 b6 22.Bd4 Nxc4
23.Rc6 e5 24.Bd5+ Kh8 25.Bxc4 exd4 26.cxd4 Bg4 27.f3 Bh3 28.Rc1 b5 29.Bd3 Be6
30.Ra6 Bc4 31.Rxa7 Bxd3 32.exd3 Re2 33.Rcc7 Rbe8 34.Rxh7+ Kg8 35.d5 Rd2 36.Rhg7+ Kh8
37.Rge7 Rxe7 38.Rxe7 Rxd3 39.Rd7 Rxf3 40.Rb7 Rd3 41.Rxb5 Rd2 42.a4 Kg7 43.a5 Kf8
44.a6 Ra2 45.Rb8+  1-0

[Event "20th Open"]
[Site "Cappelle la Grande FRA"]
[Date "2004.03.03"]
[Round "6"]
[White "Battaglini,G"]
[Black "Kengis,E"]
[Result "0-1"]
[WhiteElo "2385"]
[BlackElo "2572"]

1.d4 Nf6 2.c4 e6 3.Nc3 Bb4 4.Nf3 b6 5.Bg5 Bb7 6.e3 h6 7.Bh4 g5 8.Bg3 Ne4
9.Qc2 Bxc3+ 10.bxc3 d6 11.Bd3 f5 12.d5 Nd7 13.Bxe4 fxe4 14.Qxe4 Qf6 15.Qxe6+ Qxe6
16.dxe6 Nc5 17.O-O Bxf3 18.gxf3 Nxe6 19.Rad1 O-O 20.Kg2 Rf5 21.Rd5 Raf8 22.h4 Rxf3
23.hxg5 hxg5 24.Kh3 Rxe3 25.fxe3 Rxf1 26.Kg4 Rc1 27.Bxd6 cxd6 28.Rxd6 Kf7
29.Kf5 Rf1+ 30.Ke5 Nc5  0-1

[Event "FSIM March"]
[Site "Budapest HUN"]
[Date "2004.03.11"]
[Round "6"]
[White "Kahn,E"]
[Black "Berczes,D"]
[Result "1-0"]
[WhiteElo "2292"]
[BlackElo "2305"]

1.d4 Nf6 2.c4 e6 3.Nc3 Bb4 4.Nf3 c5 5.d5 Bxc3+ 6.bxc3 d6 7.Bg5 e5 8.Qc2 Nbd7
9.e3 h6 10.Bh4 Qe7 11.Nd2 O-O 12.Bd3 g5 13.Bg3 Nh5 14.Be2 Ng7 15.h4 f5 16.hxg5 hxg5
17.O-O-O Nf6 18.f3 f4 19.exf4 Bf5 20.Bd3 Bxd3 21.Qxd3 exf4 22.Bf2 Rae8 23.Rde1 Qd7
24.Ne4 Nxe4 25.fxe4 Re5 26.g3 f3 27.Rh6 Qe7 28.g4 Rf4 29.Bg3 Rexe4 30.Reh1 Re3
31.Qg6 Rxc3+ 32.Kb2 Qe2+ 33.Ka1 Rc1+ 34.Rxc1 f2 35.Bxf4 f1=Q 36.Qh7+ Kf7
37.Rxf1 Qxf1+ 38.Qb1 Qxf4 39.Qxb7+ Kg8 40.Qb8+ Kf7 41.Qxa7+ Kg8 42.Qb8+ Kf7
43.Qc7+ Kg8 44.Qc8+ Kf7 45.Qd7+ Kg8 46.Qc8+ Kf7 47.Qc7+ Kg8 48.Qb8+ Kf7 49.Qb2 Qf3
50.Qc2 Qe3 51.Rh1  1-0

[Event "ch-PER"]
[Site "Lima PER"]
[Date "2004.03.11"]
[Round "5.1"]
[White "Oblitas,C"]
[Black "Retamozo,H"]
[Result "1-0"]
[WhiteElo "2387"]
[BlackElo "2228"]

1.d4 Nf6 2.c4 e6 3.Nc3 Bb4 4.Nf3 d5 5.Bg5 Nbd7 6.e3 h6 7.Bxf6 Bxc3+ 8.bxc3 Qxf6
9.Qb3 c6 10.cxd5 exd5 11.Bd3 O-O 12.O-O Qd6 13.Rad1 b6 14.c4 Nf6 15.cxd5 cxd5
16.Rc1 Bd7 17.Ne5 Ng4 18.Nxg4 Bxg4 19.Ba6 Bc8 20.Qa4 Bd7 21.Qc2 Qa3 22.Bb7 Rad8
23.Bxd5 Bb5 24.Bc4 Bxc4 25.Qxc4 Rfe8 26.g3 h5 27.h4 a6 28.Rc3 Qa5 29.Qc7 Qxa2
30.Qxb6 Rb8 31.Qd6 Rb1 32.Qc6 Rxf1+ 33.Kxf1 Re6 34.Qc4 Qb1+ 35.Rc1 Qb6 36.d5 Rf6
37.Kg2 a5 38.Rc2 Rd6 39.e4 Rd8 40.Qc7 Qxc7 41.Rxc7 Ra8 42.Rc3 a4 43.Ra3 Ra5
44.Kf3 f5 45.Kf4 fxe4 46.Kxe4 Kf7 47.Ke5 Ke7 48.f3 g6 49.g4 Ra6 50.g5 Ra5
51.f4 Ra6 52.f5 gxf5 53.Kxf5 Kf7 54.Ke5 Ke7 55.d6+ Kd7 56.g6 Rxd6 57.Rg3 a3
58.g7 a2 59.Ra3 Rg6 60.Rxa2 Ke8 61.Ra7 Rg1 62.Kf6  1-0

[Event "TCh-SWE 2003-4"]
[Site "Goteborg SWE"]
[Date "2004.03.12"]
[Round "9"]
[White "Ahlander,B"]
[Black "Andersson,M"]
[Result "1/2-1/2"]
[WhiteElo "2407"]
[BlackElo "2328"]

1.d4 e6 2.c4 Nf6 3.Nc3 Bb4 4.Nf3 c5 5.g3 cxd4 6.Nxd4 Ne4 7.Qd3 Bxc3+ 8.bxc3 Nc5
9.Qe3 b6 10.Bg2 Bb7 11.Bxb7 Nxb7 12.Ba3 Nc5 13.Nb5 O-O 14.Bxc5 bxc5 15.Qxc5 Qc8
16.Qxc8 Rxc8 17.Nd6 Rc6 18.O-O-O Na6 19.Rd2 Nc5 20.Rhd1 Rb8 21.Rb2 Rxb2 22.Kxb2 Kf8
23.Nb5 Ra6 24.Rd6 Ra4 25.Rd4 Ke7 26.Rh4 h6 27.Rd4 Ra6 28.Rd1 Ra4 29.Nd6 Ra6
30.Nc8+ Kd8 31.Nd6 Ke7 32.Nb5 Ra4 33.f3 Ra6 34.Rd2 f6 35.h4 h5 36.e3 Rb6
37.Kc2 Ra6 38.Kb2 Rb6 39.Kc2 Ra6 40.Kc1 Ra4 41.Nd6 Ra6 42.Nc8+ Kd8 43.Nd6 Ke7
44.Nc8+ Kd8 45.Nd6  1/2-1/2

[Event "TCh-SWE 2003-4"]
[Site "Goteborg SWE"]
[Date "2004.03.13"]
[Round "10"]
[White "Borvander,T"]
[Black "Ong,Kez"]
[Result "1-0"]
[WhiteElo "2180"]
[BlackElo "2187"]

1.d4 Nf6 2.c4 e6 3.Nc3 Bb4 4.Nf3 c5 5.g3 cxd4 6.Nxd4 Nc6 7.Bg2 O-O 8.O-O Qa5
9.Nb3 Qh5 10.e4 Qg6 11.Qe2 Ne8 12.Nd1 a5 13.a3 Be7 14.Be3 f5 15.exf5 Qxf5
16.Nc3 Nf6 17.Rad1 h5 18.h3 a4 19.Nd4 Nxd4 20.Bxd4 Ra5 21.Nb5 Bc5 22.Bxc5 Qxc5
23.Nd6 Qc7 24.Rd4 b6 25.Rfd1 Ba6 26.Ne4 d5 27.Nxf6+ Rxf6 28.Qxh5 g6 29.Qh6 Bxc4
30.Rh4 Qg7 31.Qe3 Rb5 32.Qe5 Rb3 33.g4 g5 34.Rh5 Rg6 35.Qb8+ Kf7 36.Rh8 Bb5
37.Rc1 Qxb2 38.Qf8+  1-0

[Event "TCh-SWE 2003-4"]
[Site "Goteborg SWE"]
[Date "2004.03.14"]
[Round "11"]
[White "Borvander,T"]
[Black "Solin,N"]
[Result "1/2-1/2"]
[WhiteElo "2180"]
[BlackElo "2270"]

1.d4 Nf6 2.c4 e6 3.Nc3 Bb4 4.Nf3 d5 5.Bg5 Nbd7 6.cxd5 exd5 7.e3 c5 8.Bd3 Qa5
9.Qc2 c4 10.Bf5 O-O 11.O-O Re8 12.Bh4 g6 13.Bxf6 Nxf6 14.Bxc8 Raxc8 15.Ne5 b5
16.f4 Bxc3 17.bxc3 Ne4 18.Rac1 f6 19.Ng4 Qa3 20.Rf3 a5 21.f5 g5 22.h4 gxh4
23.Rf4 Kg7 24.Nf2 Ng3 25.Re1 b4 26.Rxh4 Qxc3 27.Qxc3 bxc3 28.Rg4+ Kf7 29.Rxg3 Rb8
30.Rc1 Rb2 31.Rxc3 Rxa2 32.e4 Ra1+ 33.Kh2 dxe4 34.Rge3 Rf1 35.Nxe4 Rd8 36.Ng3 Rf4
37.Rxc4 Rfxd4 38.Rc7+ R8d7 39.Rxd7+ Rxd7 40.Re6 Ra7 41.Ne4 a4 42.Rxf6+ Kg7
43.Rc6 a3 44.Rc1 Ra4 45.Nc3 Ra5 46.Ra1 Kf6 47.Nb1 a2 48.Nc3 Ra3 49.Nxa2 h5
50.g3 Kxf5 51.Rf1+ Kg5 52.Nb4 h4 53.gxh4+ Kxh4 54.Rf8 Kg5 55.Nd5 Rd3 56.Nf4 Ra3
57.Nh3+  1/2-1/2

[Event "TCh-AUT 2003-4"]
[Site "Jenbach AUT"]
[Date "2004.03.20"]
[Round "10"]
[White "Kilgus,G"]
[Black "Weissenbeck,M"]
[Result "1-0"]
[WhiteElo "2340"]
[BlackElo "2264"]

1.d4 Nf6 2.c4 e6 3.Nf3 Bb4+ 4.Nc3 Nc6 5.Qc2 d6 6.Bg5 h6 7.Bd2 O-O 8.a3 Bxc3
9.Bxc3 Qe7 10.e4 e5 11.d5 Nb8 12.g3 Nh7 13.Nh4 Ng5 14.Bg2 g6 15.O-O Bh3 16.f3 Nd7
17.Rae1 Rae8 18.Bd2 Bxg2 19.Nxg2 Nh3+ 20.Kh1 Kg7 21.Ne3 Nf6 22.Kg2 Qd7 23.c5 Ng5
24.g4 Rc8 25.h4 Ngh7 26.Qb3 b6 27.cxd6 cxd6 28.Rc1 Rxc1 29.Rxc1 Rc8 30.Rxc8 Qxc8
31.Qc4 Qc5 32.b4 Qxc4 33.Nxc4 Ne8 34.b5 f5 35.Bb4 Nhf6 36.Nxd6 Nc7 37.gxf5 Nd7
38.a4 a6 39.fxg6 Kxg6 40.Kg3 Kh5 41.Bc3 axb5  1-0

[Event "10th WDB Easter Open"]
[Site "Essen GER"]
[Date "2004.04.10"]
[Round "6"]
[White "Becker,Marce"]
[Black "Shaposhnikov,E"]
[Result "0-1"]
[WhiteElo "2299"]
[BlackElo "2573"]

1.d4 Nf6 2.c4 e6 3.Nc3 Bb4 4.Nf3 c5 5.g3 cxd4 6.Nxd4 Ne4 7.Qd3 Bxc3+ 8.bxc3 Nc5
9.Qe3 b6 10.Bg2 Bb7 11.Bxb7 Nxb7 12.Qf3 Nc6 13.Ba3 Qf6 14.Qg2 Nc5 15.O-O Rc8
16.Rfd1 Qe5 17.Nb5 O-O 18.Bxc5 Qxc5 19.Rxd7 Qxc4 20.Nd6 Qxc3 21.Rd1 Rcd8
22.Rc7 Qc2 23.Qf1 Qa4 24.Rd2 Ne5 25.Qa1 Qa5 26.Rd4 Qa6 27.Rd2 Rd7 28.Rxd7 Nxd7
29.Ne4 Qa4 30.Rd4 Qc6 31.Qd1 Ne5 32.Rd8 Qc7 33.Rxf8+ Kxf8 34.Qd4 f6 35.Qb4+ Qe7
36.Qc3 Qd7 37.Qb4+ Kg8 38.Nc3 h6 39.Qb3 Kf7 40.h4 f5 41.Kg2 Qc6+ 42.Kg1 Qc5
43.Qb2 Ng4 44.Nd1 b5 45.Qd2 b4 46.Qd7+ Qe7 47.Qb5 Qd6 48.Nb2 Qd2 49.Nd3 Qd1+
50.Kg2 Qxe2 51.Qd7+ Kg8 52.Qe8+ Kh7 53.h5 Nf6 54.Qg6+ Kg8 55.Nf4 Qxa2  0-1

[Event "TCh-RUS 1st Liga"]
[Site "Sochi RUS"]
[Date "2004.04.20"]
[Round "1"]
[White "Moiseenko,A"]
[Black "Pugachov,A"]
[Result "1-0"]
[WhiteElo "2631"]
[BlackElo "2453"]

1.d4 Nf6 2.c4 e6 3.Nc3 Bb4 4.Nf3 c5 5.g3 O-O 6.Bg2 cxd4 7.Nxd4 d5 8.Qb3 Bxc3+
9.Qxc3 e5 10.Nb3 d4 11.Qa5 Nc6 12.Bxc6 bxc6 13.Qxe5 d3 14.Qd4 dxe2 15.Qxd8 Rxd8
16.Kxe2 Bf5 17.f3 Bd3+ 18.Kf2 Bxc4 19.Na5 Bd5 20.Bf4 Nd7 21.Rhc1 Rdc8 22.Rc2 f6
23.Rac1 Re8 24.Nxc6 Bxa2 25.Ra1 Bd5 26.Nxa7 g5 27.Bc7 Ne5 28.Bxe5 Rxe5 29.b4 Rae8
30.Ra5 Rf5 31.Ra3 g4 32.Rc8 Kf7 33.Rxe8 Kxe8 34.Nb5 Kd7 35.Ra7+ Kd8 36.f4 Rh5
37.Kg1 Bc6 38.Nd4 Bd7 39.Ra5 Rh3 40.Nf5 Rh5 41.Ne3 f5 42.Nxg4 Bc8 43.Ne5 Kc7
44.Rc5+ Kb7 45.Rc6  1-0

[Event "TCh-RUS 1st Liga"]
[Site "Sochi RUS"]
[Date "2004.04.22"]
[Round "3"]
[White "Moiseenko,A"]
[Black "Zontakh,A"]
[Result "1-0"]
[WhiteElo "2631"]
[BlackElo "2520"]

1.d4 Nf6 2.c4 e6 3.Nc3 Bb4 4.Nf3 c5 5.g3 cxd4 6.Nxd4 O-O 7.Bg2 d5 8.Qb3 Bxc3+
9.Qxc3 e5 10.Nb3 dxc4 11.Na5 Nd5 12.Qxe5 Qxa5+ 13.Bd2 Qb6 14.Bxd5 Nc6 15.Qc3 Be6
16.Bxe6 fxe6 17.Be3 Qa6 18.O-O Rad8 19.Rfc1 Rd5 20.Rc2 b5 21.a4 Rfd8 22.Kg2 Nd4
23.Bxd4 Rxd4 24.f3 bxa4 25.Qb4 c3 26.Qxc3 Qb6 27.Rac1 h6 28.Qa3 Qb5 29.Qe3 e5
30.Rc8 Rxc8 31.Rxc8+ Kh7 32.Rc7 Rb4 33.Rc5 Qb6 34.Qxe5 Rxb2 35.Rc8 Qb7 36.Rc5 Qb6
37.Qf5+ Qg6 38.Qxg6+ Kxg6 39.Kf2 a3 40.Ra5 a2 41.f4 h5 42.Kf3 Kf6 43.h3 g6
44.g4 hxg4+ 45.hxg4 Ke6 46.g5 Kd6 47.e4 Kc6 48.Rxa7 Kc5 49.f5 gxf5 50.exf5 Kd5
51.Ra5+ Kd6 52.Kg4 Rh2 53.g6 Ke7 54.Ra6 Rf2 55.Kg5 Rg2+ 56.Kh6 Rf2 57.Kg7 Rxf5
58.Rxa2 Rf1 59.Re2+ Kd6 60.Kg8 Rg1 61.g7 Rf1 62.Rh2  1-0

[Event "Constantin Ungureanu Mem"]
[Site "Bucharest ROM"]
[Date "2004.04.24"]
[Round "10"]
[White "Shishkin,Va"]
[Black "Ionescu,Co"]
[Result "1-0"]
[WhiteElo "2443"]
[BlackElo "2465"]

1.d4 Nf6 2.c4 e6 3.Nc3 Bb4 4.Nf3 b6 5.Qb3 a5 6.g3 Bb7 7.Bg2 d6 8.O-O Bxc3
9.Qxc3 Nbd7 10.b3 O-O 11.Bb2 Ra7 12.Rad1 Qa8 13.Rfe1 Rd8 14.Bh3 Ne4 15.Qe3 c5
16.dxc5 bxc5 17.Ng5 Nf8 18.Bg2 Nxg5 19.Qxg5 Ng6 20.Bxb7 Rxb7 21.h4 f6 22.Qg4 Re7
23.Bxf6 gxf6 24.h5 Kf7 25.hxg6+ hxg6 26.e4 a4 27.Rd3 axb3 28.axb3 Ra7 29.Kg2 Ra1
30.Rxa1 Qxa1 31.Rd1 Qe5 32.Rh1 Rg8 33.Rh7+ Rg7 34.Rh8 Qg5 35.Qd1 Qe5 36.Qg4 Qg5
37.Qxg5 fxg5 38.e5 Ke7 39.Kf3 dxe5 40.Ke4 Rf7 41.f3 Kf6 42.Rb8 Rd7 43.Rf8+ Ke7
44.Rc8 Rb7 45.Kxe5 Rxb3 46.Rc7+ Kd8 47.Rf7 g4 48.fxg4 Rxg3 49.Kd6 Rd3+ 50.Kxc5 e5
51.Rg7 e4 52.Rxg6 Ke7 53.Rg5 Ke6 54.Rg8 Kf7 55.Rg5 Ke6 56.Rd5 Rg3 57.Rd6+ Ke5
58.Rd8 Rxg4 59.Re8+ Kf4 60.Kd4 Kf3 61.c5 Rf4 62.c6 e3+ 63.Kd3 Rf6 64.Rxe3+ Kf4
65.Re4+ Kf5 66.c7 Rd6+ 67.Rd4 Rc6 68.Rc4  1-0

[Event "Bundesliga 2003-4"]
[Site "Koelln GER"]
[Date "2004.04.24"]
[Round "14"]
[White "Bacrot,E"]
[Black "Chuchelov,V"]
[Result "1-0"]
[WhiteElo "2675"]
[BlackElo "2593"]

1.d4 Nf6 2.c4 e6 3.Nc3 Bb4 4.Nf3 b6 5.Bg5 Bb7 6.e3 h6 7.Bh4 Bxc3+ 8.bxc3 d6
9.Nd2 Nbd7 10.f3 Qe7 11.Qa4 e5 12.e4 a6 13.Bd3 g5 14.Bf2 Nh5 15.g3 g4 16.fxg4 Nf6
17.h3 exd4 18.cxd4 b5 19.cxb5 Nxe4 20.Bxe4 Bxe4 21.O-O Nf6 22.Qb4 Bd5 23.Rae1 Be6
24.d5 Nxd5 25.Qc4 Kf8 26.Qc6 Qe8 27.Bd4 Qxc6 28.bxc6 Ke7 29.Rf5  1-0

[Event "Bundesliga 2003-4"]
[Site "Koelln GER"]
[Date "2004.04.24"]
[Round "14"]
[White "Hracek,Z"]
[Black "Lutz,C"]
[Result "1/2-1/2"]
[WhiteElo "2587"]
[BlackElo "2597"]

1.d4 Nf6 2.c4 e6 3.Nc3 Bb4 4.Nf3 c5 5.g3 cxd4 6.Nxd4 O-O 7.Bg2 d5 8.cxd5 Nxd5
9.Bd2 Bxc3 10.bxc3 e5 11.Nb5 a6 12.c4 Ne7 13.Nc3 Nbc6 14.Rb1 Rb8 15.Nd5 Be6
16.Bc3 Qd7 17.O-O Rfd8 18.Nb6 Qc7 19.Qb3 Nd4 20.Bxd4 exd4 21.Rfd1 Qe5 22.Rd2 h5
23.Qb2 Nc6 24.Qa3  1/2-1/2

[Event "Bundesliga 2003-4"]
[Site "Kreuzberg GER"]
[Date "2004.04.24"]
[Round "14"]
[White "Bricard,E"]
[Black "Tischbierek,R"]
[Result "1/2-1/2"]
[WhiteElo "2450"]
[BlackElo "2487"]

1.c4 e6 2.Nc3 Nf6 3.d4 Bb4 4.Nf3 d5 5.e3 O-O 6.Bd3 c5 7.O-O Nc6 8.a3 Bxc3
9.bxc3 Qc7 10.Bb2 Na5 11.cxd5 exd5 12.Nd2 Ng4 13.g3 Qb6 14.Rb1 Qh6 15.Nf3 c4
16.Bc2 f5 17.Kg2 Nc6 18.Bc1 Qd6 19.Ng1 b6 20.f3 Nf6 21.Nh3 Bd7 22.Nf2 Rae8
23.Re1 b5 24.Re2 Re7 25.Qd2 a5 26.Bb2 Rfe8 27.Rbe1 Be6 28.Kg1 Kh8 29.Bb1 h6
30.Qc2 Bg8 31.Qc1 Bh7 32.Bc2 Qd7 33.Qd1 Nd8 34.Qb1 Nf7 35.Bc1 Nd6 36.a4 Rb8
37.axb5 Ree8 38.Qa1 Nxb5 39.Ba4 Re6 40.Rb2 Reb6 41.Bd2 Qd8 42.Reb1 Nd6 43.Bc1 Bg6
44.Rxb6 Rxb6 45.Rxb6 Qxb6 46.Ba3 Nb7 47.Be7 Ne8 48.Ba3  1/2-1/2

[Event "12th Sigeman & Co"]
[Site "Malmoe/Copenhagen SWE"]
[Date "2004.04.30"]
[Round "1"]
[White "Agrest,E"]
[Black "De Firmian,N"]
[Result "1/2-1/2"]
[WhiteElo "2601"]
[BlackElo "2542"]

1.d4 Nf6 2.c4 e6 3.Nc3 Bb4 4.Nf3 b6 5.Bg5 h6 6.Bh4 Bb7 7.Nd2 Bxc3 8.bxc3 g5
9.Bg3 d6 10.f3 Nbd7 11.e4 Qe7 12.Qa4 c5 13.Nb3 e5 14.dxc5 dxc5 15.O-O-O O-O-O
16.Rd2 Kb8 17.Na1 Nh5 18.Be1 Bc8  1/2-1/2

[Event "Capablanca Mem Premier I"]
[Site "Havana CUB"]
[Date "2004.05.06"]
[Round "1"]
[White "Hernandez,Hol"]
[Black "Gomez,Fe"]
[Result "1-0"]
[WhiteElo "2426"]
[BlackElo "2398"]

1.Nf3 Nf6 2.c4 e6 3.Nc3 Bb4 4.d4 O-O 5.e3 b6 6.Bd3 Bb7 7.O-O d5 8.Ne5 c5
9.dxc5 Bxc5 10.cxd5 exd5 11.Ne2 Nbd7 12.Nf3 Ne4 13.b3 Qf6 14.Rb1 Rad8 15.Bb2 Qh6
16.Ned4 f5 17.g3 Ndf6 18.Nxf5 Qh3 19.Bxf6 gxf6 20.b4 Qxf5 21.bxc5 Qh3 22.c6 Bxc6
23.Nd4 Bd7 24.Rc1 Rc8 25.Qb3 Nc5 26.Qxd5+ Kh8 27.Be2 Rcd8 28.Qf3 Bc8 29.Qh5 Qd7
30.Rfd1 Qa4 31.Bc4 Bb7 32.Qg4 Bc8 33.Qe2 Bb7 34.Bb5 Qb4 35.Bc6 Ba6 36.Qd2 Qa3
37.Rc3 Qa5 38.Rc2 Qa3 39.Qc3 Qxc3 40.Rxc3 Rd6 41.Bf3 Rfd8 42.Rdc1 Nd3 43.Rb1 Ne5
44.Bg2 Bd3 45.Rbc1 Ba6 46.Rc7 R6d7 47.Bh3 Nf3+ 48.Kg2 Rxc7 49.Rxc7 Nxd4 50.exd4 Rxd4
51.Bf5 Ra4 52.Rxh7+ Kg8 53.Rc7 Be2 54.Be6+ Kh8 55.Rf7 a5 56.Rxf6 b5 57.Rf8+ Kg7
58.Rf7+ Kg6 59.h4 Bg4 60.Bb3 Rb4 61.Rb7 a4 62.Bd5 Rb2 63.a3 Be2 64.Re7 Rd2
65.Bg8 Bg4 66.Re4 Be2 67.g4 Kg7 68.Be6 Bd3 69.Re3 Bc2 70.Kg3 Rd4 71.f4 b4
72.axb4 Rxb4 73.f5 Bb3 74.g5 Bxe6 75.Rxe6 Rb5 76.Ra6 Rxf5 77.Rxa4 Rf1 78.Kg4 Rg1+
79.Kh5  1-0

[Event "12th Sigeman & Co"]
[Site "Malmoe/Copenhagen SWE"]
[Date "2004.05.08"]
[Round "8"]
[White "Agrest,E"]
[Black "Rozentalis,E"]
[Result "1/2-1/2"]
[WhiteElo "2601"]
[BlackElo "2619"]

1.d4 Nf6 2.c4 e6 3.Nc3 Bb4 4.Nf3 c5 5.g3 cxd4 6.Nxd4 O-O 7.Bg2 d5 8.cxd5 Nxd5
9.Qb3 Na6 10.O-O Nxc3 11.bxc3 Be7 12.Rd1 Nc5 13.Qc4 e5 14.Ba3 Qa5 15.Bb4 Qa4
16.Qd5 exd4 17.Bxc5 Bxc5 18.Qxc5 dxc3 19.Qxc3 Rb8 20.Bd5 Bf5 21.Qc7 Qe8 22.e3 Be4
23.Bxe4 Qxe4 24.Rd7 Qf3 25.Rad1 h5 26.Qf4 Qxf4 27.gxf4 Rfc8 28.R1d5 Rc2 29.Rxh5 Rxa2
30.Rf5 f6 31.Rc5 Kh8 32.Rh5+ Kg8 33.Rc5 Kh8 34.Rcc7 Rb2 35.Kf1 Rg8 36.e4 a5
37.Rc3 Re8 38.Rh3+ Kg8 39.Rg3 Rxe4 40.Rgxg7+ Kf8 41.Rh7  1/2-1/2

[Event "Capablanca Mem Premier I"]
[Site "Havana CUB"]
[Date "2004.05.10"]
[Round "5"]
[White "Vera,R"]
[Black "Gongora,M"]
[Result "1/2-1/2"]
[WhiteElo "2444"]
[BlackElo "2422"]

1.d4 Nf6 2.c4 e6 3.Nc3 Bb4 4.Nf3 b6 5.Qb3 c5 6.g3 Bb7 7.Bg2 O-O 8.O-O Nc6
9.dxc5 Bxc5 10.Qd1 Na5 11.b3 d5 12.cxd5 Nxd5 13.Bb2  1/2-1/2

[Event "FSIM May"]
[Site "Budapest HUN"]
[Date "2004.05.11"]
[Round "11"]
[White "Wendt,J"]
[Black "Turzo,A"]
[Result "1/2-1/2"]
[WhiteElo "2304"]
[BlackElo "2349"]

1.Nf3 Nf6 2.c4 e6 3.Nc3 Bb4 4.d4 c5 5.g3 cxd4 6.Nxd4 a6 7.Bg2 Qc7 8.O-O O-O
9.Bg5 Bxc3 10.bxc3 Qxc4 11.Bxf6 gxf6 12.e3 Qc7 13.Qg4+ Kh8 14.Qh4 Qd8 15.Rfd1 d6
16.Rab1 Ra7 17.Rb4 Nd7 18.Ne2 Ne5 19.Qd4 a5 20.Qxa7 axb4 21.cxb4 Qe7 22.Qb6 Nc4
23.Qd4 d5 24.b5 Rd8 25.Qh4 Ne5 26.Qd4 Bd7 27.a4 Rc8 28.h3 Nc4 29.Qh4 Nd6
30.Rc1 Rxc1+ 31.Nxc1 Nf5 32.Qh5 b6 33.Kh2 Nd6 34.Nd3 Qf8 35.Qh4 Ne8 36.Qd4 Qd6
37.e4 dxe4 38.Qxe4 e5 39.f4 exf4 40.Nxf4 f5 41.Qd5 Be6 42.Qc6 Qxc6 43.Bxc6 Nc7
44.Nxe6 fxe6 45.g4 fxg4 46.hxg4 Kg7 47.Kg3 e5 48.Kf3 Ne6 49.Ke4 Kf6 50.Kd5 e4
51.Kxe4 Nc5+ 52.Kf4 Nxa4 53.g5+  1/2-1/2

[Event "5th IECC"]
[Site "Antalya TUR"]
[Date "2004.05.17"]
[Round "3"]
[White "Mastrovasilis,A"]
[Black "Istratescu,A"]
[Result "1/2-1/2"]
[WhiteElo "2488"]
[BlackElo "2587"]

1.d4 Nf6 2.c4 e6 3.Nc3 Bb4 4.Nf3 b6 5.Bg5 Bb7 6.Nd2 c5 7.a3 cxd4 8.axb4 dxc3
9.bxc3 Qc7 10.Bh4 d6 11.e3 Nbd7 12.Be2 O-O 13.O-O a5 14.Bg3 e5 15.Qb3 Rfc8
16.Ra3 axb4 17.cxb4 Rxa3 18.Qxa3 Ra8 19.Qb2 Qc6 20.Bf3 Qc8 21.Be2 Qc6 22.Bf3 Qc8
23.Be2  1/2-1/2

[Event "5th IECC"]
[Site "Antalya TUR"]
[Date "2004.05.18"]
[Round "4"]
[White "Stocek,J"]
[Black "Izoria,Z"]
[Result "1/2-1/2"]
[WhiteElo "2543"]
[BlackElo "2573"]

1.d4 Nf6 2.c4 e6 3.Nc3 Bb4 4.Nf3 d5 5.cxd5 exd5 6.Bg5 h6 7.Bh4 g5 8.Bg3 Ne4
9.Nd2 Nxc3 10.bxc3 Bxc3 11.Rc1 Bb2 12.Rxc7 Na6 13.Rc2 Bxd4 14.e3 Bg7 15.Bxa6 bxa6
16.O-O O-O 17.Nb3 Qb6 18.Bc7 Qg6 19.Rc5 Be6 20.Qd2 Rac8 21.Rfc1 Rfe8 22.Rc6 Qe4
23.Nc5 Qg6 24.h3 Re7 25.Nxe6 fxe6 26.Bg3 Rxc6 27.Rxc6 Rb7 28.Kh2 Qf5 29.Qa5 h5
30.Qxa6 Rd7 31.Qc8+ Kh7 32.h4 gxh4 33.Bxh4 Be5+ 34.f4 Bf6 35.Bxf6 Qxf6 36.Rc7  1/2-1/2